Prediction methods in relation to borstal training (Record no. 495798)

000 -LEADER
fixed length control field 00401cam a22001217a 4500
008 - FIXED-LENGTH DATA ELEMENTS--GENERAL INFORMATION
fixed length control field 180718b1955 xxu||||| |||| 00| 0 eng d
082 ## - DEWEY DECIMAL CLASSIFICATION NUMBER
Classification number Q8708x42 Un3
100 ## - MAIN ENTRY--PERSONAL NAME
Personal name Mannheim, Hermann
245 ## - TITLE STATEMENT
Title Prediction methods in relation to borstal training
Statement of responsibility, etc. by Hermann Mannheim And Leslie T. Wilkins
260 ## - PUBLICATION, DISTRIBUTION, ETC.
Place of publication, distribution, etc. London
Name of publisher, distributor, etc. Her Majesty's Stationery Office
Date of publication, distribution, etc. 1955
300 ## - PHYSICAL DESCRIPTION
Extent 276p.
700 ## - ADDED ENTRY--PERSONAL NAME
Personal name Wilkins, Leslie T.
Holdings
Withdrawn status Lost status Damaged status Not for loan Permanent Location Current Location Date acquired Full call number Barcode Date last seen Price effective from Koha item type
        Indian Institute of Public Administration Indian Institute of Public Administration 2018-08-04 Q8708x42 Un3 G6452 2018-08-04 2018-08-04 G

Powered by Koha